LEADER 00955nam a2200205 i 4500 001 000000161767 003 CaOOAMICUS 005 20070529000000.0 008 070529s1945 it u000 u ita u 013 $a139130 040 $aSeMil$bita 100 1 $aCasanova, Giacomo,$d<1725-1798>.$0(OLS)http://semarc/name/8429 245 10$aStoria della mia fuga dalle prigioni della Repubblica di Venezia dette "li piombi" /$cCasanova ; introduzione, traduzione e note critiche di Mario Mazzucchelli. 260 $aMilano :$bCLIO,$cstampa 1945. 300 $a450 p., [17] c. di tav. ;$c22 cm. 700 1 $aMazzucchelli, Mario.$0(OLS)http://semarc/name/42767 850 $aSeMil 852 $aSeMil$W1$xVenegono$y1$m1B II 174$j235913$B113144$CSeMilBibl$Z2$F123717 $81 996 $6245$aStoria della mia fuga dalle prigioni della Repubblica di Venezia dette "li piombi"$9(OLS)http://semarc/title/145060 996 $6260$aMilano :$bCLIO$9(OLS)http://semarc/publisher/44451 LEADER 00814nam a2200193 4500 001 000000354390 003 CaOOAMICUS 005 20230623100230.0 008 230623s1903 it 000 u ita r 040 $aSeMil$bita 245 00$a1: Sviluppo storico dell'innologia cristiana /$cGiovanni Semeria. 264 1$aMilano :$bBertarelli & C.,$c1903. 300 $a31 p. ;$c21 cm 773 0 $aSemeria, Giovanni $tInni della Chiesa.$dMilano : Bertarelli & C., impr. 1903.$g1$w()354388 850 $aSeMil 852 $aSeMil$W1$xVenegono$y1$m3K III 118/1$j241680$B245647$CSeMilBibl$Z2$F245647 $81 996 $6245$a1: Sviluppo storico dell'innologia cristiana$9(OLS)http://semarc/title/444528 996 $6264$aMilano :$bBertarelli & C.$9(OLS)http://semarc/publisher/41456